| 000 | 01496cam a2200337 a 4500 | ||
|---|---|---|---|
| 001 | 11766035 | ||
| 005 | 20030903182258.0 | ||
| 008 | 990728s1999 enka b 001 0 eng | ||
| 010 | _a 99230878 | ||
| 020 | _a9780750652810 | ||
| 035 | _a(DLC) 99230878 | ||
| 040 |
_aDLC _cDLC _dDLC |
||
| 050 | 0 | 0 |
_aTH2031 _b.M48 1999 |
| 082 | 0 | 0 |
_a692.2 _221 _bMET |
| 245 | 0 | 0 |
_aMetric handbook : _bplanning and design data / _cedited by David Littlefield. |
| 250 | _a3rd ed. | ||
| 260 |
_aAmestrdam; _aBoston : _bArchitectural Press, _cc.2008. |
||
| 300 |
_a1 v. (various pagings) : _bill. ; _c30 cm. |
||
| 500 | _aRev. ed. of: New metric handbook, 1979. | ||
| 500 | _a3rd. ed. | ||
| 504 | _aIncludes bibliographical references and index. | ||
| 650 | 0 |
_aBuilding _xDetails _vDrawings. _913031 |
|
| 650 | 0 |
_aMetric system. _913032 |
|
| 700 | 1 |
_aAdler, David, _d1932- _913033 |
|
| 730 | 0 |
_aNew metric handbook. _913034 |
|
| 856 | 4 | 1 |
_3Table of contents _uhttp://www.loc.gov/catdir/toc/els033/99230878.html |
| 856 | 4 | 2 |
_3Publisher description _uhttp://www.loc.gov/catdir/description/els033/99230878.html |
| 942 |
_2ddc _cBB |
||
| 999 |
_c13757 _d13757 |
||